000 00206 a2200097 4500
001 8595
100 _aShoukat Hashmi
245 _aSundar ban ka adam khor
260 _a
_bFerozsons
_c
090 _c6917
_d6917
942 _aNUST-CAE
_cM
_c33508
999 _c243668
_d243668